IFM Opac

Quantitative Techniques (Record no. 17790)

MARC details
000 -LEADER
fixed length control field 00278nam a22001337a 4500
020 ## - INTERNATIONAL STANDARD BOOK NUMBER
International Standard Book Number 0706987454
082 ## - DEWEY DECIMAL CLASSIFICATION NUMBER
Classification number 510
100 ## - MAIN ENTRY--PERSONAL NAME
Personal name Kothari CR
245 ## - TITLE STATEMENT
Title Quantitative Techniques
250 ## - EDITION STATEMENT
Edition statement 3rd
260 ## - PUBLICATION, DISTRIBUTION, ETC.
Place of publication, distribution, etc. India
Name of publisher, distributor, etc. Vikas publishing
Date of publication, distribution, etc. 1984
300 ## - PHYSICAL DESCRIPTION
Extent xv,596p
942 ## - ADDED ENTRY ELEMENTS (KOHA)
Koha item type Books

No items available.